000 00326nam a22001457a 4500
008 210308b ||||| |||| 00| 0 eng d
020 _a9780073662046
041 _aeng
080 _27th
_a618
082 _a618
100 _a10
101 _aGJIN
245 _aUnderstanding Human Sexuality
_cHyde, J, Sh
942 _2udc
_cBK
999 _c55986
_d55986